| 000 | 00384nam a2200121 4500 | ||
|---|---|---|---|
| 999 |
_c10713 _d10713 |
||
| 008 | 180918b ||||| |||| 00| 0 eng d | ||
| 100 |
_931251 _aCasayuran, Mario B. |
||
| 245 |
_aLaw granting discounts, tax breaks for PWDs remains unimplemented/ _cMario B. Casayuran |
||
| 260 |
_aPhilippines _bManila Bulletin _cc2016 |
||
| 300 | _apage 12. | ||
| 650 | 0 |
_937133 _aLaw. |
|
| 942 |
_2ddc _cPER |
||